000 02421cam a22003374a 4500
999 _c234551
_d234551
001 14017802
003 Nust
005 20170322164915.0
008 050623s2005 nyua b 001 0 eng
010 _a 2005018243
020 _a978-1-58829-344-2
035 _a(DNLM)101250925
040 _aDNLM/DLC
_cASAB
_dDLC
042 _apcc
050 0 0 _aRC933
_b.A66524 2005
060 1 0 _aWE 344
_bA7918 2005
082 0 0 _a616.7/22
_222
245 0 0 _aArthritis research /
_cedited by Andrew P. Cope
_bmethods and protocls
260 _aNew York :
_bNova Biomedical Books,
_cc2005.
300 _axi, 202 p. :
_bill. (some col.) ;
_c27 cm.
440 _vvolume I
504 _aIncludes bibliographical references and index.
505 0 _aEndocrine and cytokine regulation of glucose transport in chondrocytes: a key to understanding cartilage development and degradation in osteoarthritis / Ali Mobasheri ... et al. -- Joint disease caused by disturbance of negative regulatory mechanisms in GP130-mediated signaling / Minoru Fujimoto ... et al. -- The role of cyclooxygenase and prostaglandins in the pathogenesis of rheumatoid arthritis / Joanna Agnieszka Stanczyk and Marek Leszek Kowalski -- Physical function assessment in children with rheumatic diseases / L. Nandini ... et al. -- Management of ankylosing spondylitis and related spondylarthritis: established treatments, new pharmacological options, and anti-TNF Therapies / Éric A. Toussirot -- The salivary component of primary Sjögren's syndrome: diagnosis, pathogenesis, clinical features, and management / Anne Marie Lynge Pedersen and Birgitte Nauntofte -- Sjögren syndrome: a multisystem exocrinopathy-oral aspect / Ibtisam Al-Hashimi -- Persistant plaques and linear pigmentation in adult-onset Still's Disease / Kayano Suzuki ... et al. -- Novel therapies for the treatment of systemic lupus erythematosus / Mariana J. Kaplan.
650 0 _aArthritis.
650 1 2 _aArthritis
_xphysiopathology.
650 2 2 _aArthritis
_xtherapy.
700 1 _aColumbus, Frank H.
856 4 1 _3Table of contents
_uhttp://www.loc.gov/catdir/toc/ecip0515/2005018243.html
906 _a7
_bcbc
_corignew
_d1
_eecip
_f20
_gy-gencatlg
942 _2ddc
_cBK